Community Health Nursing Procedures/ (Record no. 1830)
[ view plain ]
| 000 -LEADER | |
|---|---|
| Fixed length control field | 00593nam a2200217Ia 4500 |
| 003 - CONTROL NUMBER IDENTIFIER | |
| Control field | IIN |
| 005 - DATE AND TIME OF LATEST TRANSACTION | |
| Control field | 20250521122351.0 |
| 008 - FIXED-LENGTH DATA ELEMENTS--GENERAL INFORMATION | |
| Fixed length control field | 250521s2024 xx ad 001 0 eng d |
| 020 ## - INTERNATIONAL STANDARD BOOK NUMBER / ISBN | |
| Price | Rs.395.00 |
| International Standard Book Number | 9789356969155 |
| 040 ## - CATALOGING SOURCE | |
| Original cataloging agency | IIN |
| Language of cataloging | English |
| 082 ## - DEWEY DECIMAL CLASSIFICATION NUMBER | |
| Classification number | 610.7343 |
| Book Number | KAU |
| 100 1# - MAIN ENTRY--PERSONAL NAME | |
| Personal name | Kaur, Baljit |
| 245 1# - TITLE STATEMENT | |
| Title | Community Health Nursing Procedures/ |
| Statement of responsibility | Baljit Kaur |
| 250 ## - EDITION STATEMENT | |
| Edition statement | 2nd ed |
| 260 ## - IMPRINT | |
| Place of publication | New Delhi |
| Name of publisher | Jaypee |
| Date of publication | 2024 |
| 300 ## - PHYSICAL DESCRIPTION | |
| Page / Vol. No | xiv, 162 p. |
| Other physical details | ill. |
| 500 ## - GENERAL NOTE | |
| General note | Including Index |
| 650 1# - SUBJECT ADDED ENTRY--TOPICAL TERM | |
| Topical term | Community Health Nursing |
| 650 1# - SUBJECT ADDED ENTRY--TOPICAL TERM | |
| Topical term | Community Health Nursing |
| Form subdivision | Procedures |
| 942 ## - ADDED ENTRY ELEMENTS (KOHA) | |
| Koha item type | Books |
| Withdrawn status | Lost status | Source of classification | Damaged status | Not for loan | Collection code | Home library | Current library | Shelving location | Date acquired | Price | Total Checkouts | Call number | Accession number | Date last seen | Price effective from | Koha item type |
|---|---|---|---|---|---|---|---|---|---|---|---|---|---|---|---|---|
| Dewey Decimal Classification | Purches Book | IDEAL INSTITUTE OF NURSING | IDEAL INSTITUTE OF NURSING | General Stacks | 11/03/2025 | 395.00 | 610.7343 KAU | 2051 | 21/05/2025 | 21/05/2025 | Books |
